00471nam a2200169Ia 4500999001700000003000400017005001700021008004100038040000900079082001800088100003500106245005200141260003800193300000800231650002000239942004200259 c21949d21949OSt20200709151558.0190216s9999||||xx |||||||||||||| ||und|| coclc a297.63bSID/P aSiddiqui, Abdul Hameed 92140 0aPrayers Of The Prophet /cAbdul Hameed Siddiqui bKitab Bhavan, c1985.aNew Delhi: a64p aIslamic History cBK2ddch297.63iSID/Pk297.63mSID/P